Automatizácia zvyšuje nároky požiarnej ochrany
Oheň v sklade nie je vítaným hosťom. Používanie automatizácie a skladovanie neštandardných materiálov môžu zvýšiť pravdepodobnosť vzniku požiaru. Katastrofickým následkom jeho vyčíňania však možno efektívne predchádzať dôslednou prevenciou. Na prípadné riziká je potrebné myslieť už počas projektovej...
Gespeichert in:
| 1. Verfasser: | |
|---|---|
| Format: | Buchkapitel |
| Sprache: | Slowakisch |
| Schlagworte: | |
| Tags: |
Keine Tags, Fügen Sie das erste Tag hinzu!
|
MARC
| LEADER | 00000naa a2200000 4500 | ||
|---|---|---|---|
| 001 | 0307749 | ||
| 005 | 20250320104042.5 | ||
| 041 | 0 | |a slo | |
| 044 | |a SK | ||
| 245 | 1 | 0 | |a Automatizácia zvyšuje nároky požiarnej ochrany |c Vladimír Maťo |
| 520 | |a Oheň v sklade nie je vítaným hosťom. Používanie automatizácie a skladovanie neštandardných materiálov môžu zvýšiť pravdepodobnosť vzniku požiaru. Katastrofickým následkom jeho vyčíňania však možno efektívne predchádzať dôslednou prevenciou. Na prípadné riziká je potrebné myslieť už počas projektovej fázy, vybaviť priestor dostatočne robustným protipožiarnym systémom a najmä každý aspekt bezpečnosti konzultovať s expertom. | ||
| 610 | 2 | 0 | |a ochrana požiarna |
| 610 | 2 | 0 | |a automatizácia |
| 610 | 2 | 0 | |a bezpečnosť práce |
| 610 | 2 | 0 | |a rizikovosť práce |
| 100 | 1 | |a Maťo, Vladimír | |